LEADER 01511nam2 22003131i 450 001 VAN0037368 005 20110405101046.504 010 $a07-14-12236-X 100 $a20050623d2003 |0itac50 ba 101 $aeng 102 $aGB 105 $a|||| ||||| 200 1 $aˆ20: The ‰British Museum, 10$efragments from sir William Hamiltons second collection of vases recovered from the Wreck of HMS Colossus$fValerie Smallwood and Susan Woodford 205 $aLondon : The British Museum$b2003 210 $d141 p.$d94 p. di tav. : ill. ; 33 cm 215 $aIn testa al front.: Union academique internationale 461 1$1001VAN0037366$12001 $aCorpus vasorum antiquorum. Great Britain$1205 $aOxford : published for the British academy by Oxford university$1210 $avol.$a34 cm$1215 $aIn testa al front.: Union Académique Internationale. 620 $aGB$dLondon$3VANL000015 702 1$aSmallwood$bValerie$3VANV031165 702 1$aWoodford$bSusan$3VANV031166 710 02$aBritish museum$3VANV031164$0443753 712 $aBritish museum$3VANV110744$4650 791 02$aBritish Museum$zBritish museum$3VANV032075 801 $aIT$bSOL$c20230616$gRICA 899 $aBIBLIOTECA DEL DIPARTIMENTO DI LETTERE E BENI CULTURALI$1IT-CE0103$2VAN07 912 $aVAN0037368 950 $aBIBLIOTECA DEL DIPARTIMENTO DI LETTERE E BENI CULTURALI$d07CONS Mb 470 Gran $e07 16696 Bretagna20050623 996 $aBritish Museum, 10$91404332 997 $aUNICAMPANIA LEADER 01910nam0 22004093i 450 001 VAN00292002 005 20250424114351.624 017 70$2N$a9783031522390 100 $a20250424d2024 |0itac50 ba 101 $aeng 102 $aCH 105 $a|||| ||||| 181 $ai$b e 182 $ab 183 $acr 200 1 $aPhysics and Mechanics of New Materials and Their Applications$eProceedings of the International Conference PHENMA 2023$feditors Ivan A. Parinov, Shun-Hsyung Chang, Erni Puspanantasari Putri 210 $aCham$cSpringer$d2024 215 $aXXVI, 647 p.$cill.$d24 cm 410 1$1001VAN00126579$12001 $aSpringer Proceedings in Materials$1210 $aCham$cSpringer$d2019-$v41 620 $aCH$dCham$3VANL001889 676 $a620.5$cNanotecnologia$v22 676 $a620.14$cCeramica e materiali affini$v22 702 1$aChang$bShun-Hsyung$3VANV106693 702 1$aParinov$bIvan A.$3VANV106694 702 1$aPuspanantasari Putri$bErni$3VANV247661 712 $aSpringer $3VANV108073$4650 790 1$aParinov, I. A.$zParinov, Ivan A.$3VANV201133 790 1$aParinov, I.A.$zParinov, Ivan A.$3VANV201134 790 1$aParinov, Ivan Anatol'evi?$zParinov, Ivan A.$3VANV235020 801 $aIT$bSOL$c20250425$gRICA 856 4 $uhttps://link.springer.com/book/10.1007/978-3-031-52239-0$zE-book - Accesso al full-text attraverso riconoscimento IP di Ateneo, proxy e/o Shibboleth 899 $aBIBLIOTECA DEL DIPARTIMENTO DI SCIENZE E TECNOLOGIE AMBIENTALI BIOLOGICHE E FARMACEUTICHE$1IT-CE0101$2VAN17 912 $fN 912 $aVAN00292002 950 $aBIBLIOTECA DEL DIPARTIMENTO DI SCIENZE E TECNOLOGIE AMBIENTALI BIOLOGICHE E FARMACEUTICHE$d17CONS e-book 2394 $e17BIB2394/70 70 20250424 996 $aPhysics and Mechanics of New Materials and Their Applications$92031405 997 $aUNICAMPANIA